[Event "BL 2324 (Women)"]
[Site "Germany"]
[Date "2024.06.08"]
[Round "10.1"]
[White "Mader, Manuela"]
[Black "Khotenashvili, Bela"]
[Result "0-1"]
[WhiteElo "2213"]
[BlackElo "2483"]
[PlyCount "102"]
[EventDate "2023.10.14"]
[EventType "team-tourn"]
[EventRounds "11"]
[EventCountry "GER"]
[SourceTitle "CBM 220 Extra"]
[Source "ChessBase"]
[SourceDate "2024.07.31"]
[SourceVersion "1"]
[SourceVersionDate "2024.07.31"]
[SourceQuality "1"]
[WhiteTeam "Karlsruhe (W)"]
[BlackTeam "Schwaebisch Hall (W)"]
[WhiteTeamCountry "GER"]
[BlackTeamCountry "GER"]

1. e4 c6 2. d4 g6 3. Nf3 Bg7 4. Be2 d6 5. h3 Nf6 6. Nc3 0-0 7. 0-0 Nbd7 8. Re1 e5 9. dxe5 dxe5 10. Rb1 Qc7 11. b4 Rd8 12. Bd3 Nf8 13. Bg5 Ne6 14. Qc1 Nxg5 15. Qxg5 Be6 16. a3 a5 17. b5 Nd7 18. Na4 Bf8 19. b6 Qd6 20. Ra1 f6 21. Qh4 Kg7 22. g4 g5 23. Qg3 c5 24. h4 h6 25. hxg5 hxg5 26. Rab1 c4 27. Be2 Qxa3 28. Ra1 Qd6 29. Red1 Qc6 30. Nc3 Nxb6 31. Nxe5 Rxd1+ 32. Rxd1 Qc7 33. Nf3 Qxg3+ 34. fxg3 Bxg4 35. Nd4 Bxe2 36. Ncxe2 Bc5 37. Kg2 Kf7 38. Rh1 a4 39. Nf5 a3 40. Nc3 a2 41. Ra1 Ra3 42. Nb5 Ra6 43. Nc3 Bb4 44. Nxa2 Bc5 45. Kh3 Ra3 46. Kg4 Nd7 47. Kh5 Ne5 48. c3 b5 49. Nh6+ Ke6 50. Nf5 Ra7 51. Kh6 Bf8+ 0-1

[Event "BL 1920 (Women)"]
[Site "Germany"]
[Date "2020.02.01"]
[Round "5.3"]
[White "Hapala, Elisabeth"]
[Black "Mader, Manuela"]
[Result "1/2-1/2"]
[WhiteElo "2137"]
[BlackElo "2190"]
[PlyCount "154"]
[EventDate "2019.09.14"]
[EventType "team-tourn"]
[EventRounds "11"]
[EventCountry "GER"]
[SourceTitle "CBM 195 Extra"]
[Source "ChessBase"]
[SourceDate "2020.05.31"]
[SourceVersion "1"]
[SourceVersionDate "2020.05.31"]
[SourceQuality "1"]
[WhiteTeam "Lehrte (W)"]
[BlackTeam "Karlsruhe (W)"]
[WhiteTeamCountry "GER"]
[BlackTeamCountry "GER"]

1. e4 c6 2. d4 d5 3. e5 Bf5 4. Nf3 e6 5. Be2 h6 6. 0-0 Ne7 7. Nbd2 Bh7 8. Nb3 Nf5 9. Bd3 Be7 10. g4 Nh4 11. Bxh7 Rxh7 12. Nxh4 Bxh4 13. Qd3 Rh8 14. f4 Nd7 15. f5 Qe7 16. Na5 0-0-0 17. Bf4 Nb6 18. Kh1 Bg5 19. Bg3 h5 20. f6 gxf6 21. exf6 Qd7 22. gxh5 Nc4 23. Qe2 b6 24. Nxc4 dxc4 25. Qxc4 Rxh5 26. c3 Bh4 27. Be5 Kb7 28. a4 c5 29. Qe2 Qc6+ 30. Qf3 cxd4 31. cxd4 Rh6 32. Rac1 Qxf3+ 33. Rxf3 Rd7 34. Rh3 Bg5 35. Rxh6 Bxc1 36. Rh7 Bxb2 37. h4 Kc6 38. h5 Bxd4 39. Bxd4 Rxd4 40. h6 Rxa4 41. Kg2 Rg4+ 42. Kf3 Rg6 43. Rxf7 Rxh6 44. Ke4 Kd6 45. Rf8 Rh4+ 46. Ke3 Ke5 47. Kd3 Rd4+ 48. Kc3 Rd7 49. Kc4 Kf5 50. Kb5 Kg6 51. Kc6 Rf7 52. Re8 Kxf6 53. Kd6 e5 54. Re6+ Kf5 55. Rxe5+ Kf4 56. Re1 Rf6+ 57. Kd5 Kf5 58. Re7 a5 59. Re1 Kg6 60. Kc4 Kf7 61. Kb5 Re6 62. Rh1 Ke7 63. Rh7+ Kd8 64. Rh8+ Kd7 65. Rh7+ Kd8 66. Rh8+ Ke7 67. Rh7+ Kf6 68. Rd7 Ke5 69. Rd1 Rd6 70. Re1+ Kd5 71. Re2 Rf6 72. Rd2+ Ke4 73. Rd1 Rf3 74. Kxb6 a4 75. Kb5 a3 76. Kb4 a2 77. Ra1 Rf2 1/2-1/2

[Event "AUT-chT (Women) 1920"]
[Site "Austria"]
[Date "2019.10.13"]
[Round "3.1"]
[White "Theissl Pokorna, Regina"]
[Black "Mader, Manuela"]
[Result "1-0"]
[WhiteElo "2299"]
[BlackElo "2200"]
[PlyCount "53"]
[EventDate "2019.10.11"]
[EventType "team-tourn"]
[EventRounds "9"]
[EventCountry "AUT"]
[SourceTitle "CBM 193 Extra"]
[Source "ChessBase"]
[SourceDate "2020.01.31"]
[SourceVersion "1"]
[SourceVersionDate "2020.01.31"]
[SourceQuality "1"]
[WhiteTeam "Pamhagen (W)"]
[BlackTeam "Lienz (W)"]
[WhiteTeamCountry "AUT"]
[BlackTeamCountry "AUT"]

1. d4 Nf6 2. Bf4 d5 3. e3 Bf5 4. Nf3 c5 5. dxc5 Qa5+ 6. Nbd2 Nc6 7. Nd4 Nxd4 8. exd4 Qb4 9. c3 Qxb2 10. Qc1 Qxc1+ 11. Rxc1 0-0-0 12. Nf3 Nh5 13. Be3 f6 14. h3 g5 15. g3 Be4 16. Be2 Ng7 17. 0-0 h5 18. Nd2 Bg6 19. c4 e6 20. c6 Rd6 21. cxb7+ Kxb7 22. Nb3 Be7 23. c5 Rdd8 24. c6+ Ka8 25. c7 Rc8 26. Ba6 Ba3 27. Na5 1-0

[Event "BL 1718 (Women)"]
[Site "Germany"]
[Date "2018.02.17"]
[Round "8.5"]
[White "Genova, Liubka"]
[Black "Mader, Manuela"]
[Result "0-1"]
[WhiteElo "2211"]
[BlackElo "2203"]
[PlyCount "100"]
[EventDate "2017.10.01"]
[EventType "team-tourn"]
[EventRounds "11"]
[EventCountry "GER"]
[SourceTitle "EXT 2019"]
[Source "ChessBase"]
[SourceDate "2018.10.10"]
[SourceVersion "1"]
[SourceVersionDate "2018.10.10"]
[SourceQuality "1"]
[WhiteTeam "Hamburger SK (W)"]
[BlackTeam "Karlsruhe (W)"]
[WhiteTeamCountry "GER"]
[BlackTeamCountry "GER"]

1. e4 d5 2. exd5 Qxd5 3. Nc3 Qd6 4. g3 Nf6 5. Bg2 c6 6. Nf3 Bg4 7. 0-0 e6 8. d3 Be7 9. b3 0-0 10. Bb2 Nbd7 11. h3 Bxf3 12. Qxf3 Nb6 13. Rad1 Rad8 14. Rfe1 Qc5 15. Re2 Qa5 16. a3 Nbd5 17. b4 Qb6 18. Nb1 a5 19. c4 Nc7 20. Bc3 axb4 21. axb4 Na6 22. Rb2 Bxb4 23. Bxf6 gxf6 24. Qxf6 Qd4 25. Qg5+ Kh8 26. Re2 Rg8 27. Qe3 Nc5 28. Qf3 Rd7 29. Re3 Rgd8 30. Bf1 f5 31. Be2 Ra8 32. Nd2 Ra2 33. Nf1 Ra3 34. Kg2 Rd8 35. Kh2 Bc3 36. Qh5 Qf6 37. Rf3 Bd4 38. Ne3 Ra2 39. Rf4 Qg6 40. Qf3 Be5 41. Rh4 Bf6 42. Rg1 Nb3 43. Bd1 Nd4 44. Rxd4 Bxd4 45. g4 Be5+ 46. Kh1 f4 47. Nf5 exf5 48. gxf5 Qxf5 49. Qg2 f3 50. Bxf3 Rxf2 0-1

[Event "GER-ch rapid (Women)"]
[Site "Erfurt"]
[Date "2017.07.30"]
[Round "7"]
[White "Zahn, Alina"]
[Black "Mader, Manuela"]
[Result "0-1"]
[WhiteElo "2025"]
[BlackElo "2126"]
[PlyCount "114"]
[EventDate "2017.07.29"]
[EventType "swiss (rapid)"]
[EventRounds "9"]
[EventCountry "GER"]
[SourceTitle "EXT 2020"]
[Source "ChessBase"]
[SourceDate "2019.10.17"]
[SourceVersion "1"]
[SourceVersionDate "2019.10.17"]
[SourceQuality "1"]

1. e4 c6 2. d4 d5 3. Nc3 dxe4 4. Nxe4 Bf5 5. Ng3 Bg6 6. f4 e6 7. Nf3 Nd7 8. Bc4 Ngf6 9. 0-0 Be7 10. f5 exf5 11. Nh4 Nb6 12. Bb3 0-0 13. Ngxf5 Nfd5 14. Nxe7+ Qxe7 15. Nxg6 hxg6 16. Qf3 Rad8 17. Bd2 Nc7 18. Rae1 Qd7 19. c3 a5 20. Bg5 Rde8 21. Rxe8 Qxe8 22. Qg3 Ncd5 23. c4 Nb4 24. a3 Na6 25. Bf4 a4 26. Ba2 Qe4 27. Qf2 Nc8 28. Re1 Qf5 29. Re5 Qd7 30. Qe2 Qxd4+ 31. Qf2 Qd1+ 32. Re1 Qd7 33. h3 Nc7 34. Qg3 Ne6 35. Be5 Ne7 36. Qf3 Rd8 37. c5 Nd5 38. Bd6 b6 39. Qf2 bxc5 40. Bxc5 Rb8 41. Kh1 Nxc5 42. Qxc5 Rxb2 43. Bxd5 cxd5 44. Rd1 Rb5 45. Qc2 Rb6 46. Qc5 Rd6 47. Qa5 d4 48. Qa8+ Qd8 49. Qxa4 d3 50. Qb3 Rd4 51. Qc3 Qd7 52. Qb3 d2 53. a4 Re4 54. Qc2 Re1+ 55. Kh2 Re2 56. Kg1 Qd5 57. a5 Qxg2# 0-1

[Event "GER-ch rapid (Women)"]
[Site "Erfurt"]
[Date "2017.07.29"]
[Round "3"]
[White "Rogozenco, Teodora Nana"]
[Black "Mader, Manuela"]
[Result "0-1"]
[WhiteElo "2067"]
[BlackElo "2126"]
[PlyCount "68"]
[EventDate "2017.07.29"]
[EventType "swiss (rapid)"]
[EventRounds "9"]
[EventCountry "GER"]
[SourceTitle "EXT 2020"]
[Source "ChessBase"]
[SourceDate "2019.10.17"]
[SourceVersion "1"]
[SourceVersionDate "2019.10.17"]
[SourceQuality "1"]

1. d4 Nf6 2. c4 g6 3. Nc3 Bg7 4. g3 0-0 5. Bg2 d6 6. Nf3 a6 7. 0-0 Nc6 8. Qd3 Bd7 9. d5 Nb4 10. Qd1 a5 11. a3 Na6 12. Nd4 Nc5 13. b3 Qc8 14. Re1 Bh3 15. Bh1 Nfd7 16. Rb1 Nb6 17. e4 a4 18. b4 Ncd7 19. Bg5 Re8 20. Ncb5 c6 21. c5 cxb5 22. cxb6 Nxb6 23. Rc1 Qd7 24. Qd3 h6 25. Bf4 Nc4 26. Nxb5 Qxb5 27. Rxc4 Rac8 28. Rxc8 Qxd3 29. Rxe8+ Kh7 30. Rxe7 Bc3 31. Rc1 Bb2 32. Re1 Qc3 33. Re2 Bxa3 34. Bg2 Qa1+ 0-1

[Event "BL 1617 (Women)"]
[Site "Germany"]
[Date "2017.04.30"]
[Round "10.4"]
[White "Osmanodja, Filiz"]
[Black "Mader, Manuela"]
[Result "1-0"]
[WhiteElo "2299"]
[BlackElo "2170"]
[PlyCount "71"]
[EventDate "2016.10.22"]
[EventType "team-tourn"]
[EventRounds "11"]
[EventCountry "GER"]
[SourceTitle "EXT 2018"]
[Source "ChessBase"]
[SourceDate "2017.10.13"]
[SourceVersion "1"]
[SourceVersionDate "2017.10.13"]
[SourceQuality "1"]
[WhiteTeam "Bad Koenigshofen (W)"]
[BlackTeam "Karlsruhe (W)"]
[WhiteTeamCountry "GER"]
[BlackTeamCountry "GER"]

1. e4 c6 2. d4 d5 3. e5 Bf5 4. Nd2 e6 5. Nb3 Ne7 6. Nf3 Bg6 7. Be2 Nf5 8. 0-0 Be7 9. a4 0-0 10. a5 Nd7 11. c4 dxc4 12. Bxc4 Bh5 13. Be2 c5 14. Bf4 cxd4 15. Nfxd4 Bxe2 16. Qxe2 Nc5 17. Nxf5 Nxb3 18. Rad1 Qc7 19. Nxe7+ Qxe7 20. Qb5 Nc5 21. b4 Na6 22. Rd6 Nb8 23. Rfd1 a6 24. Qc5 Qe8 25. Bg5 Nc6 26. Rd7 f6 27. exf6 gxf6 28. Bh6 Rf7 29. R7d3 Rd8 30. Qh5 Rxd3 31. Rxd3 Ne5 32. Rg3+ Ng6 33. Rxg6+ hxg6 34. Qxg6+ Kh8 35. Bg7+ Kg8 36. Bxf6+ 1-0

[Event "BL 1617 (Women)"]
[Site "Germany"]
[Date "2017.03.04"]
[Round "5.2"]
[White "Fuchs, Judith"]
[Black "Mader, Manuela"]
[Result "1-0"]
[WhiteElo "2278"]
[BlackElo "2170"]
[PlyCount "71"]
[EventDate "2016.10.22"]
[EventType "team-tourn"]
[EventRounds "11"]
[EventCountry "GER"]
[SourceTitle "EXT 2018"]
[Source "ChessBase"]
[SourceDate "2017.10.13"]
[SourceVersion "1"]
[SourceVersionDate "2017.10.13"]
[SourceQuality "1"]
[WhiteTeam "Hamburger SK (W)"]
[BlackTeam "Karlsruhe (W)"]
[WhiteTeamCountry "GER"]
[BlackTeamCountry "GER"]

1. e4 c6 2. d4 d5 3. exd5 cxd5 4. c4 Nf6 5. Nc3 g6 6. Qb3 Bg7 7. cxd5 0-0 8. Nge2 Na6 9. g3 Qb6 10. Qxb6 axb6 11. Bg2 Nb4 12. 0-0 Rd8 13. d6 Rxd6 14. Bf4 Rd7 15. Be5 Ne8 16. a3 Nc2 17. Rad1 f6 18. Bf4 e5 19. dxe5 fxe5 20. Bg5 Nd6 21. Nd5 Nf7 22. Nxb6 Rxd1 23. Rxd1 Rb8 24. Bd5 h6 25. Be7 Bg4 26. Rd2 Ne1 27. Rd1 Nc2 28. Rc1 Re8 29. Bc5 Bxe2 30. Rxc2 Bd3 31. Rd2 e4 32. Nc4 Be5 33. Bd6 Bd4 34. Bf4 Rd8 35. Nd6 Rd7 36. Bxf7+ 1-0

[Event "Oberliga Baden 1617"]
[Site "Baden"]
[Date "2017.01.15"]
[Round "4.6"]
[White "Fiedler, Joerg"]
[Black "Mader, Manuela"]
[Result "0-1"]
[WhiteElo "2037"]
[BlackElo "2170"]
[PlyCount "68"]
[EventDate "2016.10.16"]
[EventType "team-tourn"]
[EventRounds "9"]
[EventCountry "GER"]
[SourceTitle "EXT 2018"]
[Source "ChessBase"]
[SourceDate "2017.10.13"]
[SourceVersion "1"]
[SourceVersionDate "2017.10.13"]
[SourceQuality "1"]
[WhiteTeam "Dreilaendereck"]
[BlackTeam "Ettlingen"]
[WhiteTeamCountry "GER"]
[BlackTeamCountry "GER"]

1. f4 d5 2. Nf3 g6 3. g3 Bg7 4. Bg2 Nf6 5. 0-0 0-0 6. c3 c5 7. d3 Nc6 8. Qe1 d4 9. cxd4 Nxd4 10. Na3 Nd5 11. Ne5 Nb4 12. Qd2 Rb8 13. Nac4 b5 14. Ne3 Qd6 15. Nf3 Be6 16. Nxd4 Bxd4 17. Qd1 Nxa2 18. Bd2 Bxb2 19. Rxa2 Bxa2 20. Qc2 Qd4 21. Kh1 Be6 22. f5 Bc8 23. fxg6 hxg6 24. Nd5 Bb7 25. Nxe7+ Kg7 26. e4 f6 27. Rb1 Ba1 28. Rxb5 Qd7 29. Qxc5 Bd4 30. Qb4 Bb6 31. Nd5 Qg4 32. Nxb6 axb6 33. Rxb6 Qd1+ 34. Be1 Bd5 0-1

[Event "GER-chT Federal Cup (Women)"]
[Site "Braunfels"]
[Date "2016.05.26"]
[Round "1.1"]
[White "Zimmer, Elke"]
[Black "Mader, Manuela"]
[Result "1/2-1/2"]
[WhiteElo "1818"]
[BlackElo "2129"]
[PlyCount "127"]
[EventDate "2016.05.26"]
[EventType "team-swiss"]
[EventRounds "5"]
[EventCountry "GER"]
[SourceTitle "EXT 2019"]
[Source "ChessBase"]
[SourceDate "2018.10.10"]
[SourceVersion "1"]
[SourceVersionDate "2018.10.10"]
[SourceQuality "1"]
[WhiteTeam "Saarland Schleswig Holstein (W)"]
[BlackTeam "Baden (W)"]
[WhiteTeamCountry "GER"]
[BlackTeamCountry "GER"]

1. e4 c6 2. d4 d5 3. exd5 cxd5 4. Nf3 Nc6 5. c3 Bg4 6. Bd3 Qc7 7. Nbd2 Nf6 8. a3 e6 9. Qa4 Bd6 10. h3 Bh5 11. Qc2 0-0 12. Nf1 e5 13. dxe5 Nxe5 14. Nxe5 Bxe5 15. Be3 b5 16. Nd2 Rac8 17. Rc1 Qe7 18. 0-0 d4 19. Bg5 h6 20. Bxf6 Qxf6 21. c4 bxc4 22. Nxc4 Bb8 23. Qb1 Bf3 24. g3 Bd5 25. f4 g6 26. Kh2 Rfe8 27. Rf2 h5 28. h4 Kg7 29. b3 Re7 30. Re1 Rce8 31. Rxe7 Rxe7 32. Qc1 Ba8 33. Bf1 Be4 34. Qd2 a6 35. Bg2 Ba7 36. Bxe4 Rxe4 37. Qd3 Re1 38. Re2 Ra1 39. a4 Qc6 40. Rg2 Qd5 41. Qe2 d3 42. Qe5+ Qxe5 43. fxe5 Rb1 44. Rb2 Rxb2+ 45. Nxb2 d2 46. Kg2 Bd4 47. Nd1 Bxe5 48. b4 Kf6 49. Kf3 Bd6 50. b5 axb5 51. axb5 Ke5 52. b6 Kd5 53. g4 Kc6 54. gxh5 gxh5 55. Ke3 Kxb6 56. Kxd2 Bg3 57. Ke2 Bxh4 58. Ne3 Kc5 59. Kf3 Bg5 60. Nf5 Kd5 61. Ng7 h4 62. Kg4 Ke4 63. Nf5 h3 64. Ng3+ 1/2-1/2

[Event "BL 1516 (Women)"]
[Site "Germany"]
[Date "2015.12.06"]
[Round "4.3"]
[White "Bulmaga, Irina"]
[Black "Mader, Manuela"]
[Result "1-0"]
[WhiteElo "2372"]
[BlackElo "2194"]
[PlyCount "63"]
[EventDate "2015.09.26"]
[EventType "team-tourn"]
[EventRounds "11"]
[EventCountry "GER"]
[SourceTitle "CBM 170 Extra"]
[Source "ChessBase"]
[SourceDate "2016.02.25"]
[SourceVersion "1"]
[SourceVersionDate "2016.02.25"]
[SourceQuality "1"]
[WhiteTeam "Schwaebisch Hall (W)"]
[BlackTeam "Karlsruhe (W)"]
[WhiteTeamCountry "GER"]
[BlackTeamCountry "GER"]

1. e4 c6 2. d3 d5 3. Nd2 e5 4. Ngf3 Bd6 5. d4 Nd7 6. exd5 cxd5 7. dxe5 Nxe5 8. Nxe5 Bxe5 9. Nf3 Bf6 10. Bd3 Ne7 11. 0-0 0-0 12. c3 Bg4 13. h3 Bxf3 14. Qxf3 Qb6 15. Re1 Rfe8 16. Qe2 d4 17. cxd4 Qxd4 18. Be3 Qb4 19. Rab1 Red8 20. a3 Qa5 21. Be4 Nf5 22. Bxb7 Rab8 23. Bf4 Nd4 24. Qe4 g6 25. Bxb8 Rxb8 26. Bd5 Rd8 27. Ba2 Qd2 28. Qe3 Qc2 29. Rbc1 Qxb2 30. Bxf7+ Kxf7 31. Rc7+ Kg8 32. Qe8+ 1-0

[Event "Oberliga Baden 1516"]
[Site "Baden"]
[Date "2015.11.15"]
[Round "3.8"]
[White "Mader, Manuela"]
[Black "Schulz, Vladimir"]
[Result "1-0"]
[WhiteElo "2194"]
[BlackElo "2164"]
[PlyCount "97"]
[EventDate "2015.09.20"]
[EventType "team-tourn"]
[EventRounds "9"]
[EventCountry "GER"]
[SourceTitle "EXT 2018"]
[Source "ChessBase"]
[SourceDate "2017.10.13"]
[SourceVersion "1"]
[SourceVersionDate "2017.10.13"]
[SourceQuality "1"]
[WhiteTeam "Ettlingen"]
[BlackTeam "Baden-Baden III"]
[WhiteTeamCountry "GER"]
[BlackTeamCountry "GER"]

1. e4 c5 2. c3 e6 3. d4 d5 4. exd5 exd5 5. Nf3 Nc6 6. Be3 cxd4 7. Bxd4 Nxd4 8. Qxd4 Nf6 9. Bb5+ Bd7 10. Bxd7+ Qxd7 11. 0-0 Be7 12. Re1 0-0 13. Nbd2 Qc7 14. Rad1 Bc5 15. Qh4 Rfe8 16. Nd4 Re5 17. Rxe5 Qxe5 18. N2f3 Qe4 19. Qg3 Re8 20. h3 Nh5 21. Qc7 Bxd4 22. Rxd4 Qb1+ 23. Kh2 Qxb2 24. Rxd5 Nf6 25. Rd2 Qb5 26. c4 Qb4 27. Rd8 Rxd8 28. Qxd8+ Qf8 29. Qc7 Ne4 30. Qxb7 f5 31. Qxa7 Qd6+ 32. g3 g5 33. Qd4 Qa3 34. Nxg5 Nxg5 35. Qd8+ Kf7 36. Qxg5 Qxa2 37. Qxf5+ Kg7 38. c5 h5 39. h4 Qb2 40. Kg2 Qb7+ 41. Qf3 Qc7 42. Qxh5 Qc6+ 43. Kh2 Qe4 44. Qg5+ Kh8 45. Qf6+ Kh7 46. c6 Qd5 47. c7 Qd1 48. Qf5+ Kg7 49. c8Q 1-0